| 000 | 00758cam a2200145 4500500 | ||
|---|---|---|---|
| 005 | 20251228093446.0 | ||
| 041 | _afre | ||
| 042 | _adc | ||
| 100 | 1 | 0 |
_aAucouturier, Michel _eauthor |
| 245 | 0 | 0 | _aVja?eslav SEREDA, Aleksandr STYKALIN, eds. Besedy na Lubjanke Sledstvennoe delo Derdja Lukaca : Materialy k biografii. [Entretiens à la Lubjanka Le dossier d’instruction de György Lukács : Matériaux pour une biographie] 2e édition revue et augmentée Moscou : RAN, Institut slavjanovedenija, 2001, 243 p. |
| 260 | _c2007. | ||
| 500 | _a40 | ||
| 786 | 0 | _nCahiers du monde russe | Vol 48 | 4 | 2007-12-01 | p. 666u-860u | 1252-6576 | |
| 856 | 4 | 1 | _uhttps://shs.cairn.info/revue-cahiers-du-monde-russe-2007-4-page-666u?lang=fr&redirect-ssocas=7080 |
| 999 |
_c1604459 _d1604459 |
||